000 00298nam a22001457a 4500
008 230317b ||||| |||| 00| 0 eng d
020 _a9781337116695
041 _aeng
080 _a33
082 _a33WIL
100 _a24
101 _aBIZNES
245 _aBUSN10
_cWILLIAMS
942 _2udc
_cBK
999 _c59384
_d59384